Musikvideo Bildausschnitte (1) - Statistiken

Allgemein
  • Dieses Quiz wurde 137 mal gespielt
  • Das Durchschnittsergebnis liegt bei 9 aus 25
Antwortstatistiken
Bildquiz Antwort % Korrekt
Wrecking Ball - Miley Cyrus
91%
Durch Den Monsun - Tokio Hotel
77%
Watermelon Sugar - Harry Styles
77%
Baby - Justin Bieber
71%
Roar - Katy Perry
67%
Blinding Lights - The Weeknd
66%
…Baby One More Time - Britney Spears
55%
Last Christmas - Wham!
50%
Rolling In The Deep - Adele
49%
Without Me - Eminem
46%
Grenade - Bruno Mars
43%
Side To Side - Ariana Grande
28%
Don’t Cha - The Pussycat Dolls
18%
Another Brick In The Wall - Pink Floyd
17%
Das Beste - Silbermond
17%
Don’t Speak - No Doubt
15%
Please Please Please - Sabrina Carpenter
15%
The Fate of Ophelia - Taylor Swift
14%
It’s Raining Men - The Weather Girls
13%
Pump Up The Jam - Technotronic
13%
I Gotta Feeling - The Black Eyed Peas
10%
Wenn das Liebe ist - Nina Chuba
10%
Ich darf das - Shirin David
9%
Monsta - Culcha Candela
7%
Der Weg - Herbert Grönemeyer
6%
Keine übereinstimmenden Quizze gefunden
Verteilung der Resultate
Anzahl Personen mit jedem Resultat
Perzentil nach korrekt beantworteten Fragen
Ihre Resultats-Entwicklung
Sie haben dieses Quiz noch nicht gespielt